000 00560nam a2200181 i 4500
001 32773
003 ES-MaACL
005 20230906154631.0
007 t|
008 030131s1956 sp ||||1| spa d
100 1 _aBenson, Robert Hugh.
_927779
245 1 3 _aEl amo del mundo /
_cRoberto Hugo Benson ; novela traducida directamente del inglés por Juan Mateos.
250 _a6ª ed.
260 _aBarcelona :
_bGustavo Gili,
_c1956 (
_fImp. Juvenil)
300 _a373 p. ;
_c19 cm.
700 1 _aMateos, Juan.
_978979
852 _aES-MaACL
_jC-11024
_bR.39181
999 _c32773
_d32773